000
00303nam a22001337a 4500
008
180920b xxu||||| |||| 00| 0 eng d
020
_a
9781556644306
041
_a
eng
080
_2
5 ED
_a
610.73
100
_a
2
101
_a
NUR
245
_a
Medical Susrgical Nursing
_c
Lewis H
942
_2
udc
_c
BK
999
_c
48111
_d
48111